Дикий мед: современная баллада; пер. с укр.

Bibliographische Detailangaben
1. Verfasser: Первомайский Л. С. Леонид Соломонович
Weitere Verfasser: Громова А. (переводчик), Горюнова Л. (автор послесловия)
Sprache:Russisch
Veröffentlicht: Москва, Художественная литература, 1987
Schriftenreihe:Доблесть
Schlagworte:
Format: MixedMaterials Buch
KOHA link:https://koha.lib.tpu.ru/cgi-bin/koha/opac-detail.pl?biblionumber=146974

MARC

LEADER 00000nam0a2200000 4500
001 146974
005 20231101221250.0
020 |a RU  |b 88-39728 
035 |a (RuTPU)RU\TPU\book\159314 
090 |a 146974 
100 |a 20081107d1987 m y0rusy5003 ca 
101 1 |a rus  |c ukr 
102 |a RU 
105 |a y z 000ay 
200 1 |a Дикий мед  |e современная баллада  |e пер. с укр.  |f Л. С. Первомайский  |g пер. А. Громова ; авт. послесл. Л. Горюнова 
210 |a Москва  |c Художественная литература  |d 1987 
215 |a 480 с. 
225 1 |a Доблесть 
606 1 |a Украинская литература  |2 stltpush  |3 (RuTPU)RU\TPU\subj\62974  |9 80028 
610 1 |a Великая Отечественная война 1941-1945 гг. 
610 1 |a советская литература 
610 1 |a романы 
610 1 |a военная проза 
675 |a 883  |v 3 
700 1 |a Первомайский  |b Л. С.  |g Леонид Соломонович 
702 1 |a Громова  |b А.  |4 730 
702 1 |a Горюнова  |b Л.  |4 075 
801 0 |a RU  |b RuMRKP  |c 19950417  |g psbo 
801 1 |a RU  |b 63413507  |c 20081107  |g PSBO 
801 2 |a RU  |b 63413507  |c 20200605  |g PSBO 
942 |c BK